[Event "120th ch-SCO 2013"]
[Site "Helensburgh SCO"]
[Date "2013.07.14"]
[Round "9.6"]
[White "McClement,A"]
[Black "Barnaure,V"]
[Result "0-1"]
[WhiteElo "2169"]
[BlackElo "2503"]

1.e4 c5 2.Nf3 Nc6 3.d4 cxd4 4.Nxd4 Qb6 5.Nb3 Nf6 6.Nc3 e6 7.Bd3 Bb4 8.O-O Bxc3
9.bxc3 O-O 10.Qe2 d6 11.Kh1 Ne5 12.f4 Nxd3 13.cxd3 e5 14.c4 Nd7 15.f5 f6
16.g4 Qd8 17.g5 fxg5 18.Rg1 b5 19.Bxg5 Nf6 20.cxb5 Bb7 21.Rg2 Rf7 22.Rag1 a6
23.b6 a5 24.Nd2 d5 25.exd5 Bxd5 26.Ne4 Bxe4 27.dxe4 Qxb6 28.Qc4 Ne8 29.Qd5 Nc7
30.Qxe5 Re8 31.Qc3 Nb5 32.Qb3 a4 33.Qxa4 Qc6 34.Rb1 Rxe4 35.Rc1 Qxc1+ 36.Bxc1 Rxa4  0-1

[Event "Commonwealth & RSA Open"]
[Site "Port Elizabeth RSA"]
[Date "2013.07.14"]
[Round "11.7"]
[White "Cawdery,D"]
[Black "Soumya,Sw"]
[Result "0-1"]
[WhiteElo "2345"]
[BlackElo "2301"]

1.e4 c5 2.Nf3 Nc6 3.d4 cxd4 4.Nxd4 Qb6 5.Nb3 Nf6 6.Bd3 e6 7.O-O Be7 8.Be3 Qc7
9.f4 d6 10.Nc3 a6 11.Qf3 O-O 12.a3 Rb8 13.Rae1 b5 14.Ne2 Bb7 15.Ng3 Rfe8
16.Nh5 Nxh5 17.Qxh5 Bf6 18.c3 g6 19.Qh3 Bg7 20.Nd2 Bc8 21.Nf3 Na5 22.f5 exf5
23.exf5 Nc4 24.Bd4 Ne5 25.Ng5 h6 26.Nf3 Bd7 27.Nxe5 dxe5 28.Qg3 gxf5 29.Bxf5 Rbd8
30.Bh7+ Kxh7 31.Rxf7 Rg8 32.Bxe5 Qb6+ 33.Bd4 Qg6 34.Ree7 Qb1+ 35.Rf1 Qg6
36.Qc7 Bc6 37.Rf2 Qb1+ 38.Rf1 Qg6 39.Rf2 Rxd4 40.cxd4 Kh8 41.Qf4 Qb1+ 42.Rf1 Qxb2
43.Rxg7 Qxg2+  0-1

[Event "7th LCT 2013"]
[Site "Leiden NED"]
[Date "2013.07.18"]
[Round "6.36"]
[White "Weiland,H"]
[Black "Orlova,Y"]
[Result "1/2-1/2"]
[WhiteElo "1935"]
[BlackElo "1942"]

1.e4 c5 2.Nf3 Nc6 3.d4 cxd4 4.Nxd4 Qb6 5.Nb5 Nf6 6.Be3 Qa5+ 7.Qd2 Qd8 8.N1c3 a6
9.Nd4 g6 10.f3 Bg7 11.O-O-O d6 12.Bc4 Ne5 13.Bb3 b5 14.Kb1 Bd7 15.g4 b4 16.Nce2 a5
17.g5 Nh5 18.f4 Nc6 19.Bd5 Qc7 20.Ng3 Nxg3 21.hxg3 Rc8 22.Nxc6 Bxc6 23.Rh2 Bd7
24.Bd4 e5 25.Be3 h5 26.gxh6 Rxh6 27.Rxh6 Bxh6 28.Rf1 exf4 29.Bxf4 Bxf4 30.gxf4 Be6
31.f5 Bxd5 32.exd5 Qc4 33.Re1+ Kd7 34.fxg6 fxg6  1/2-1/2

[Event "Czech Open G1 Rapid 2013"]
[Site "Pardubice CZE"]
[Date "2013.07.18"]
[Round "4.38"]
[White "Miturova,M"]
[Black "Kourousis,E"]
[Result "1-0"]
[WhiteElo "2121"]
[BlackElo "2391"]

1.e4 c5 2.Nf3 Nc6 3.d4 cxd4 4.Nxd4 Qb6 5.Nb3 Nf6 6.Nc3 e6 7.Be3 Qc7 8.Be2 d6
9.O-O a6 10.a4 b6 11.f4 Be7 12.Bf3 O-O 13.g4 Rb8 14.g5 Nd7 15.Bg2 Na5 16.Nd2 Nc4
17.Nxc4 Qxc4 18.Qh5 Bb7 19.Rad1 Qb4 20.Rf3 Bxe4 21.Nxe4 Qxe4 22.f5 g6 23.Qh6 Qg4
24.f6 Nxf6 25.gxf6 Bxf6 26.h3 Qh4 27.Qxh4 Bxh4 28.Rxd6 b5 29.axb5 Rxb5 30.b3 a5
31.Bh6 Rd8 32.Rxd8+ Bxd8 33.Rc3 Rb8 34.Bf4 Bb6+ 35.Be3 Bxe3+ 36.Rxe3 Rc8
37.c4 Rc5 38.Kf2 Kf8 39.Ke2 Ke7 40.Kd3 e5 41.Bd5 f6 42.Kc3 Rc8 43.Re1 h5
44.Ra1 Rc5 45.b4 axb4+ 46.Kxb4 Rc8 47.c5 f5 48.Ra6 Rf8 49.Re6+ Kd7 50.Rxg6 e4
51.Rg7+ Kc8 52.Kb5 e3 53.Re7 f4 54.Bf3 Rd8 55.Kc6 Rf8 56.Bxh5 Rf6+ 57.Kb5 f3
58.Rxe3 f2 59.Be2 f1=Q 60.Bxf1 Rxf1 61.Re7 Rf6 62.Rh7 Kb8 63.h4 Ka8 64.c6 Rf1
65.Kb6 Rb1+ 66.Kc7 Rd1 67.Rh5 Ra1  1-0

[Event "Czech Open G1 Rapid 2013"]
[Site "Pardubice CZE"]
[Date "2013.07.18"]
[Round "6.38"]
[White "Miturova,M"]
[Black "Gutenev,A"]
[Result "0-1"]
[WhiteElo "2121"]
[BlackElo "2350"]

1.e4 c5 2.Nf3 Nc6 3.d4 cxd4 4.Nxd4 Qc7 5.Nc3 e6 6.Be3 a6 7.Be2 Nf6 8.O-O Be7
9.f4 d6 10.Kh1 O-O 11.Qe1 Nxd4 12.Bxd4 b5 13.e5 dxe5 14.Bxe5 Qa7 15.Bd3 g6
16.Ne4 Ne8 17.Bc3 Bb7 18.Ng5 Ng7 19.Qh4 h5 20.Bxg7 Bxg5 21.fxg5 Kxg7 22.Qf4 Bd5
23.Qe5+ Kg8 24.Rf6 Qb8 25.Qd4 Qd6 26.Kg1 Kh7 27.Raf1 Qe7 28.Qh4 Qc5+ 29.Kh1 Kg7
30.Qf4 e5 31.b4 Qc3 32.Qh4 Rae8 33.Re1 e4 34.Bf1 Re6 35.Rxe6 fxe6 36.Be2 Qxc2
37.Qg3 Qxe2 38.Qc7+ Kg8  0-1

[Event "DSK GM Open 2013"]
[Site "Cape Town RSA"]
[Date "2013.07.20"]
[Round "1.3"]
[White "Emojong,Elijah"]
[Black "Arnold,Mar"]
[Result "1/2-1/2"]
[WhiteElo "2311"]
[BlackElo "2525"]

1.e4 c5 2.Nf3 Nc6 3.d4 cxd4 4.Nxd4 Qb6 5.Nb3 Nf6 6.Nc3 e6 7.Be3 Qc7 8.a3 a6
9.f4 d6 10.Be2 b5 11.O-O Be7 12.Bf3 Bb7 13.Kh1 Rc8 14.Qe1 O-O 15.Qg3 Nd7
16.Rad1 Kh8 17.Qh3 b4 18.axb4 Nxb4 19.Nd4 Nc5 20.e5 dxe5 21.fxe5 Rcd8 22.Bxb7 Qxb7
23.Qh5 g6 24.Qh6 f5 25.exf6 Bxf6 26.Nxe6 Nxe6 27.Rxd8 Rxd8 28.Rxf6 Ng7 29.h3 Qe7
30.Rf2 Nc6 31.Qg5 Nf5 32.Qxe7 Ncxe7 33.Bg5 h6 34.Bf6+ Kg8 35.g4 Rd6 36.Ne4 Re6
37.gxf5 Nxf5 38.Rf4 Rxe4 39.Rxe4 Ng3+ 40.Kg2 Nxe4 41.Bd4 Kf7 42.Be3 g5 43.Kf3 Nf6
44.c4 Kg6 45.Bd4 Kf5  1/2-1/2

[Event "65th ch-MNE 2013"]
[Site "Cetinje SRB"]
[Date "2013.07.20"]
[Round "1.1"]
[White "Kandic,Milo"]
[Black "Djukic,Ni"]
[Result "1/2-1/2"]
[WhiteElo "2067"]
[BlackElo "2543"]

1.e4 c5 2.Nf3 Nc6 3.d4 cxd4 4.Nxd4 Qc7 5.Nc3 e6 6.g3 a6 7.Bg2 Nf6 8.O-O Bc5
9.Be3 Ne5 10.h3 d6 11.Qe2 Bd7 12.f4 Ng6 13.Nb3 Bxe3+ 14.Qxe3 O-O 15.Rfd1 Rad8
16.Rd2 b5 17.Rad1 b4 18.Ne2 Bb5 19.Ned4 Bc4 20.c3 e5 21.fxe5 dxe5 22.Nf5 Rxd2
23.Rxd2 bxc3 24.bxc3 Rb8 25.Kh2 Bxb3 26.axb3 Rxb3 27.Rd6 Nd7 28.Qd2 Ndf8
29.Rxa6 Rxc3 30.Ra8 Rc2 31.Qe3 Ne7 32.Qa3 Ng6 33.h4 h5 34.Re8 Qd7 35.Rb8 Qd2
36.Qf3 Qe2 37.Kh3 Kh7 38.Rb7 Nh8 39.Nd6 f6 40.Rb8 Ne6 41.Qxe2 Rxe2 42.Bf3 Rd2
43.Ne8 Rd3 44.Kg2 Ng6 45.Rb6 Nef4+ 46.Kf2 Nh3+ 47.Kg2 Nhf4+ 48.Kf2 Rd8 49.Nxf6+ gxf6
50.gxf4 exf4 51.Rxf6  1/2-1/2

[Event "36th Taminco Open"]
[Site "Ghent BEL"]
[Date "2013.07.20"]
[Round "1.6"]
[White "Ramacker,Quinten"]
[Black "Kunin,V"]
[Result "0-1"]
[WhiteElo "1833"]
[BlackElo "2502"]

1.e4 c5 2.Nf3 Nc6 3.d4 cxd4 4.Nxd4 Qb6 5.Nb3 Nf6 6.Nc3 e6 7.Be3 Qc7 8.a3 a6
9.Be2 b5 10.O-O Bb7 11.f4 d6 12.Bf3 Be7 13.Nd4 O-O 14.f5 Nxd4 15.Bxd4 e5
16.Be3 Rfd8 17.g4 d5 18.exd5 e4 19.Bg2 Bc5 20.Bxc5 Qxc5+ 21.Kh1 Bxd5 22.Nxd5 Rxd5
23.Qe2 Rad8 24.Rad1 h6 25.h3 Rxd1 26.Rxd1 Rxd1+ 27.Qxd1 Qf2 28.b3 e3 29.Qf3 Qe1+
30.Bf1 Ne4 31.Kg2 Nc3 32.Bd3 Qd2+ 33.Kf1 Nd5 34.Qe2 Nf4 35.Qxd2 exd2 36.Be2 Nd5
37.c4 bxc4 38.bxc4 Ne3+ 39.Kf2 d1=Q 40.Bxd1 Nxd1+  0-1

[Event "Maccabiah IM2 2013"]
[Site "Jerusalem ISR"]
[Date "2013.07.21"]
[Round "1.5"]
[White "Litwak,A"]
[Black "Shutzman,J"]
[Result "1/2-1/2"]
[WhiteElo "2229"]
[BlackElo "2253"]

1.e4 c5 2.Nf3 Nc6 3.d4 cxd4 4.Nxd4 Qb6 5.Nb3 Nf6 6.Nc3 e6 7.Qe2 Bb4 8.Bd2 O-O
9.a3 Be7 10.O-O-O d5 11.e5 Nd7 12.f4 a6 13.Qh5 Qc7 14.Bd3 g6 15.Qh6 Re8 16.h4 Qd8
17.Ne2 Nc5 18.Nxc5 Bxc5 19.Qg5 Qxg5 20.hxg5 Bd7 21.Rh3 Kg7 22.Rdh1 Rh8 23.Be3 Bxe3+
24.Rxe3 h6 25.gxh6+ Rxh6 26.Rxh6 Kxh6 27.Rh3+ Kg7 28.Kd2 a5 29.Ke3 b6 30.Nd4 Nxd4
31.Kxd4 Rc8 32.Rh1 Rh8 33.Rxh8 Kxh8 34.g4 Kg7 35.b4 axb4 36.axb4 Kf8 37.c3 Ke7
38.Ba6 Bc6 39.Be2 Bd7 40.Bd3 Kf8 41.Ke3 Kg7 42.Bc2 Kh6 43.Kf3 Bc6 44.Kg3 Bb5
45.Kh4 Bd7 46.Bd3 Be8 47.Ba6 Bd7 48.Bb7 g5+ 49.fxg5+ Kg6 50.Ba6 b5 51.Bb7 Be8
52.Bc8 Bc6 53.Ba6 Be8  1/2-1/2

[Event "Politiken Cup 2013"]
[Site "Helsingor DEN"]
[Date "2013.07.27"]
[Round "1.67"]
[White "Bjorn,Lasse E"]
[Black "Henriksen,G"]
[Result "0-1"]
[WhiteElo "1810"]
[BlackElo "2215"]

1.e4 c5 2.Nf3 Nc6 3.d4 cxd4 4.Nxd4 Qc7 5.Nc3 e6 6.a3 a6 7.Be2 b5 8.O-O Bb7
9.Be3 Rc8 10.f4 Nf6 11.e5 Nxd4 12.Bxd4 Nd5 13.Bf3 Nxc3 14.Bxc3 Be7 15.Qd3 O-O
16.Bxb7 Qxb7 17.Rad1 b4 18.axb4 Bxb4 19.Bxb4 Qxb4 20.Qxa6 Rxc2 21.Qa3 Qb6+
22.Kh1 Rxb2 23.Rxd7 Rxg2 24.Qf3 Rb2 25.h4 Rb3 26.Rd3 Rxd3 27.Qxd3 g6 28.h5 Rd8
29.Qg3 Qc6+ 30.Kh2 Rd2+ 31.Kh3 Qe4 32.Rf3 Qf5+ 33.Qg4 Rh2+  0-1

[Event "Politiken Cup 2013"]
[Site "Helsingor DEN"]
[Date "2013.07.30"]
[Round "5.46"]
[White "Halamus,A"]
[Black "Henriksen,G"]
[Result "1-0"]
[WhiteElo "2046"]
[BlackElo "2215"]

1.e4 c5 2.Nf3 Nc6 3.d4 cxd4 4.Nxd4 Qc7 5.Nc3 e6 6.Be2 a6 7.O-O Nf6 8.Kh1 Nxd4
9.Qxd4 Bc5 10.Qd3 b5 11.f4 Bb7 12.Bf3 h5 13.e5 Ng4 14.Bxb7 Qxb7 15.Ne4 Rc8
16.h3 Nh6 17.Be3 Be7 18.c3 Nf5 19.Bf2 Rc4 20.Rfe1 h4 21.b3 Rc6 22.Rad1 Rc7
23.Nd6+ Bxd6 24.exd6 Rc8 25.Qxf5  1-0

[Event "Arad Open 2013"]
[Site "Arad ROU"]
[Date "2013.08.04"]
[Round "2.4"]
[White "Murariu,A"]
[Black "Kutnik,A"]
[Result "0-1"]
[WhiteElo "2533"]
[BlackElo "2129"]

1.e4 c5 2.Nf3 Nc6 3.d4 cxd4 4.Nxd4 Qb6 5.Nb3 Nf6 6.Nc3 e6 7.Be3 Qc7 8.f3 Bb4
9.Qd2 d5 10.O-O-O O-O 11.Bc5 Bxc5 12.Nxc5 Rd8 13.exd5 exd5 14.Nb5 Qe7 15.Nb3 Be6
16.N5d4 Rac8 17.Bd3 Nxd4 18.Nxd4 Qc5 19.Kb1 Rd6 20.Rhe1 Rb6 21.g4 Nd7 22.Bf5 Nf8
23.Re3 Bxf5 24.Nxf5 Ne6 25.Rb3 Rxb3 26.axb3 g6 27.Ng3 d4 28.Ne4 Qe5 29.g5 Kg7
30.h4 Rd8 31.Rf1 Qf4 32.Qa5 a6 33.Nc5 Rd5 34.Nxe6+ fxe6 35.Qb6 Qf7 36.f4 e5
37.h5 e4 38.h6+ Kf8 39.Re1 e3 40.c3 Qf5+ 41.Kc1 d3 42.Qb4+ Kg8  0-1

[Event "Politiken Cup 2013"]
[Site "Helsingor DEN"]
[Date "2013.08.04"]
[Round "10.129"]
[White "Sivaranjan,Aschmirthan"]
[Black "Nielsen,Leo"]
[Result "0-1"]
[WhiteElo "1583"]
[BlackElo "1752"]

1.e4 c5 2.Nf3 Nc6 3.d4 cxd4 4.Nxd4 Qb6 5.Be3 Qxb2 6.Bc4 Qb4+ 7.Nd2 a6 8.Rb1 Qa5
9.O-O Nxd4 10.Bxd4 b5 11.Bd5 Rb8 12.Ba7 Rb7 13.Bxb7 Bxb7 14.Rb2 e6 15.Nb3 Qc7
16.Qd4 Nf6 17.f3 Bd6 18.g3 Be5 19.Qc5 Qxc5+ 20.Nxc5 Bxb2 21.Nxb7 O-O 22.Be3 d5
23.e5 Bxe5 24.Nc5 Bd6 25.Rf2 Rc8  0-1

[Event "Arad Open 2013"]
[Site "Arad ROU"]
[Date "2013.08.05"]
[Round "4.19"]
[White "Doros,R"]
[Black "Kutnik,A"]
[Result "1-0"]
[WhiteElo "2307"]
[BlackElo "2129"]

1.e4 c5 2.Nf3 Nc6 3.d4 cxd4 4.Nxd4 Qb6 5.Nb3 Nf6 6.Nc3 e6 7.Qe2 Bb4 8.Bd2 d6
9.a3 Bxc3 10.Bxc3 e5 11.O-O-O Ke7 12.f3 Be6 13.Nd2 Rhd8 14.Nc4 Qc7 15.Ne3 Kf8
16.g3 d5 17.exd5 Nxd5 18.Nxd5 Rxd5 19.Rxd5 Bxd5 20.Bg2 f6 21.Rf1 Rc8 22.Qd3 Re8
23.Qe3 Rd8 24.Bh3 Bf7 25.f4 exf4 26.gxf4 Qd6 27.Rg1 Bh5 28.Kb1 Qc7 29.Qc5+ Qd6
30.Qxh5 Qxf4 31.Qxh7  1-0

[Event "Arad Open 2013"]
[Site "Arad ROU"]
[Date "2013.08.05"]
[Round "4.7"]
[White "Daianu,C"]
[Black "Stojanovic,Da"]
[Result "1/2-1/2"]
[WhiteElo "2233"]
[BlackElo "2514"]

1.e4 c5 2.Nf3 Nc6 3.d4 cxd4 4.Nxd4 Qc7 5.Nc3 e6 6.Be3 a6 7.Qd2 Nf6 8.O-O-O Bb4
9.f3 Ne5 10.Qe1 O-O 11.g4 Ba5 12.Be2 b5 13.Nb3 Bb6 14.Bxb6 Qxb6 15.Kb1 Rb8
16.Qg1 d6 17.f4 Ned7 18.g5 Ne8 19.Qg3 b4 20.Na4 Qc6 21.Nd4 Qxa4 22.b3 Qa5
23.Nc6 Qc7 24.Nxb8 Qxb8 25.Bd3 Nc5 26.Rhf1 Nc7 27.Qe3 Nxd3 28.Rxd3 Nb5 29.Kb2 Qc7
30.f5 e5 31.f6 Be6 32.fxg7 Rc8 33.Rf2 Qa5 34.a4 bxa3+ 35.Ka2 Nc3+ 36.Ka1 Qb4
37.g6 Kxg7 38.gxh7 Nxe4 39.Rg2+ Kh8 40.Qh6 Bg4 41.h3 Qe1+ 42.Ka2 f5 43.hxg4 f4
44.Qe6 Rb8 45.c4 Qf1 46.Rgd2 Qc1 47.Qf5 Qe1 48.g5 f3 49.Qxf3 Nc3+ 50.Rxc3 Qxd2+
51.Kxa3 Qxg5 52.Rc2 Qf4 53.Qd5 Qg3 54.c5 dxc5 55.Rg2  1/2-1/2

[Event "XX Feria de las Flores 2013"]
[Site "Medellin COL"]
[Date "2013.08.05"]
[Round "5.5"]
[White "Arango Arenas,Juan Camilo"]
[Black "Rios,Cr"]
[Result "0-1"]
[WhiteElo "2139"]
[BlackElo "2369"]

1.e4 c5 2.Nf3 Nc6 3.d4 cxd4 4.Nxd4 Qb6 5.Nb3 Nf6 6.Nc3 e6 7.g4 Bb4 8.Bd3 d5
9.exd5 Nxd5 10.Bd2 Nxc3 11.bxc3 Bd6 12.Qe2 Qc7 13.Nd4 Nxd4 14.cxd4 O-O 15.O-O e5
16.dxe5 Bxe5 17.Rae1 Bd6 18.Qe4 f5 19.gxf5 Bxf5 20.Qd5+ Kh8 21.Bxf5 Rad8
22.Qe4 Bxh2+ 23.Kg2 Rxd2 24.Re3 h6 25.Rh1 Bd6 26.Reh3 Rxf2+ 27.Kxf2 Qc5+
28.Kg2 Rxf5 29.Rf1 Re5 30.Qd3 Qc6+ 31.Rhf3 Rg5+ 32.Kh1 Rh5+ 33.Kg1 Qc5+ 34.R1f2 Qg5+
35.Kf1 Qc1+ 36.Ke2 Re5+ 37.Re3 Rxe3+ 38.Qxe3 Qxe3+  0-1

[Event "17th Godesberg Open"]
[Site "Bonn GER"]
[Date "2013.08.06"]
[Round "4.3"]
[White "Mittmann,J"]
[Black "Rotstein,J"]
[Result "0-1"]
[WhiteElo "2054"]
[BlackElo "2340"]

1.e4 c5 2.Nf3 Nc6 3.d4 cxd4 4.Nxd4 Qb6 5.Nb3 Nf6 6.Nc3 e6 7.Bd3 a6 8.O-O Be7
9.Be3 Qc7 10.a4 d6 11.f4 b6 12.Kh1 Bb7 13.Qe1 O-O 14.Qg3 Rac8 15.Rae1 Rfd8
16.Nd4 Nb4 17.e5 Nh5 18.Qf2 Nxd3 19.cxd3 dxe5 20.fxe5 Bc5 21.Ne4 Bxe4 22.dxe4 Rd7
23.Nf3 Nf4 24.Bxc5 Nd3 25.Qg3 Nxc5 26.Rc1 Qb7 27.Qf4 Rcd8 28.Rc4 a5 29.h3 h6
30.Nh2 Nd3 31.Qg3 Nxb2 32.Rc3 Qxe4 33.Ng4 Qg6 34.Qf2 Nd1  0-1

[Event "17th Godesberg Open"]
[Site "Bonn GER"]
[Date "2013.08.08"]
[Round "6.4"]
[White "Mittmann,J"]
[Black "Winterberg,L"]
[Result "0-1"]
[WhiteElo "2054"]
[BlackElo "2242"]

1.e4 c5 2.Nf3 Nc6 3.d4 cxd4 4.Nxd4 Qc7 5.Nc3 e6 6.Be3 a6 7.Qd2 Nf6 8.f3 Bb4
9.g4 Nxd4 10.Qxd4 Bd6 11.O-O-O Be5 12.Qb4 b5 13.Bc5 a5 14.Qxb5 Rb8 15.Qc4 Ba6
16.Qxa6 Qxc5 17.Nb5 O-O 18.Qxa5 d5 19.g5 Qe3+ 20.Kb1 Qxf3 21.Be2 Qxe2 22.gxf6 Rxb5  0-1

[Event "Arad Open 2013"]
[Site "Arad ROU"]
[Date "2013.08.09"]
[Round "9.21"]
[White "Tarleva,V"]
[Black "Petenyi,T"]
[Result "0-1"]
[WhiteElo "2115"]
[BlackElo "2480"]

1.e4 c5 2.Nf3 Nc6 3.d4 cxd4 4.Nxd4 Qb6 5.Nb3 Nf6 6.Nc3 e6 7.g3 Be7 8.Bg2 d6
9.Be3 Qc7 10.O-O a6 11.a4 Ne5 12.Nd2 Bd7 13.h3 Nc4 14.Nxc4 Qxc4 15.Qd2 O-O
16.Bf4 Rfd8 17.Rfd1 Bc6 18.b3 Qc5 19.Be3 Qh5 20.Qe1 Rac8 21.f4 Qa5 22.Kh2 Qc7
23.Qf2 Nd7 24.Bd4 Bf6 25.b4 b6 26.Ne2 Bxd4 27.Nxd4 Bb7 28.Rac1 Qc3 29.Qd2 Qxd2
30.Rxd2 Rc4 31.Bf1 Rxb4 32.Bxa6 Bxe4 33.Bb5 Nc5 34.c3 Rb3 35.Ra2 Rb1 36.Rxb1 Bxb1
37.Rb2 Be4 38.Bc6 Bxc6 39.Nxc6 Nxa4 40.Ra2 Ra8 41.c4 Kf8 42.Rd2 b5 43.cxb5 d5
44.f5 Nb6 45.fxe6 fxe6 46.Nd4 e5 47.Ne6+ Kf7 48.Nc7 Rd8 49.Kg2 e4 50.Rd4 Kf6
51.Kf2 Ke5 52.Rd1 d4 53.Na6 Rf8+ 54.Ke1 d3 55.Nb4 Rf3 56.Rc1 Kd4 57.Rc6 Nc4  0-1

[Event "XI Miguel Najdorf Open A 2013"]
[Site "Warsaw POL"]
[Date "2013.08.10"]
[Round "6.14"]
[White "Iwanow,A"]
[Black "Alvarado,C"]
[Result "1-0"]
[WhiteElo "2230"]
[BlackElo "2203"]

1.e4 c5 2.Nf3 Nc6 3.d4 cxd4 4.Nxd4 Qb6 5.Nb3 Nf6 6.Nc3 e6 7.Bd3 a6 8.Be3 Qc7
9.f4 d6 10.g4 b5 11.g5 Nd7 12.Qf3 Nc5 13.Nxc5 dxc5 14.e5 Bb7 15.Be4 O-O-O
16.O-O h6 17.g6 f5 18.exf6 gxf6 19.f5 b4 20.Na4 Rg8 21.Bxc5 Rd2 22.Rf2 Ne5
23.Bxb7+ Kb8 24.Qe3 Rxf2 25.Qxf2 Ng4 26.Qg3 Qxg3+ 27.hxg3 Kxb7 28.Bxf8 Rxf8
29.Nc5+ Kc6 30.Nxe6 Rg8 31.Rd1 Ne3 32.Rd8  1-0

[Event "29th Metropolitan IM"]
[Site "Los Angeles USA"]
[Date "2013.08.18"]
[Round "8"]
[White "Shen,A"]
[Black "Peters,Ja"]
[Result "0-1"]
[WhiteElo "2334"]
[BlackElo "2360"]

1.e4 c5 2.Nf3 Nc6 3.d4 cxd4 4.Nxd4 Qb6 5.Nb3 Nf6 6.Nc3 e6 7.Qe2 Bb4 8.Bd2 O-O
9.a3 Bxc3 10.Bxc3 e5 11.O-O-O Rd8 12.g4 d5 13.exd5 Nxd5 14.Bxe5 Nxe5 15.Qxe5 Bxg4
16.Rd4 Re8 17.Qxd5 Re1+ 18.Kd2 Rd1+ 19.Kc3 Be6 20.Qc5 Rc8 21.Qxc8+ Bxc8 22.Rxd1 Bg4
23.Bc4 Bxd1 24.Rxd1 Qf6+ 25.Nd4 Qxf2 26.Nb5 g5 27.Rf1 Qxh2 28.Rxf7 Kh8 29.Nc7 Qe5+
30.Kb3 h5 31.Ka2 g4 32.Ne6 g3 33.Nf8 Qe4 34.Rh7+ Qxh7 35.Nxh7 g2 36.Nf6 h4  0-1

[Event "TCh-POR Div1 Final 2013"]
[Site "Matosinhos POR"]
[Date "2013.08.19"]
[Round "3.1"]
[White "Valente,J"]
[Black "Silva,Fl"]
[Result "1/2-1/2"]
[WhiteElo "1663"]
[BlackElo "1930"]

1.e4 c5 2.Nf3 Nc6 3.d4 cxd4 4.Nxd4 Qb6 5.Nb3 Nf6 6.Nc3 e6 7.Be3 Qd8 8.a3 Be7
9.Be2 O-O 10.O-O b6 11.f4 Bb7 12.Qe1 Qc8 13.Rd1 Rd8 14.Qg3 d5 15.exd5 Nxd5
16.Nxd5 Rxd5 17.Rxd5 exd5 18.Rd1 Bf6 19.c3 Ne7 20.Nd4 Nf5 21.Nxf5 Qxf5 22.Qg4 Qe6
23.Kf2 Re8 24.Qxe6 fxe6 25.Bd4 Kf7 26.Ke3 Ke7 27.Be5 Rf8 28.Rf1 Bc6 29.Kd4 Ba4
30.Bd3 h6 31.g3 Rc8 32.h4 Bb3 33.Rg1 Bc4 34.Bc2 Be2 35.Re1 Rc4+ 36.Ke3 Bg4
37.Bd3 Rc8 38.Kd4 Rf8 39.Rf1 Bxe5+ 40.fxe5 Rxf1 41.Bxf1 Kd7 42.Bd3 Kc6 43.Ke3 g5
44.Kd4 Bh3 45.Bg6 Kd7 46.Bd3 Bg4 47.a4 Kc7 48.a5 Bh3 49.Bb5 Bg4 50.Ba4 Bh3
51.Bb5 Bg4 52.Bd3 Bh3 53.Be2 Bf5 54.Bf3 Kd7 55.c4 dxc4 56.Kxc4 Kc7 57.Kd4  1/2-1/2

[Event "18th Vienna Open 2013"]
[Site "Vienna AUT"]
[Date "2013.08.25"]
[Round "9.22"]
[White "Prill,D"]
[Black "Beshukov,S"]
[Result "0-1"]
[WhiteElo "2153"]
[BlackElo "2441"]

1.e4 c5 2.Nf3 Nc6 3.d4 cxd4 4.Nxd4 Qc7 5.Nc3 e6 6.g3 a6 7.Bg2 d6 8.O-O Bd7
9.Re1 Be7 10.Nxc6 Bxc6 11.Qd4 Nf6 12.Nd5 exd5 13.exd5 Bd7 14.Bh6 Rg8 15.Bxg7 Ng4
16.Bh3 Ne5 17.Bxe5 dxe5 18.Rxe5 Bxh3 19.Rae1 O-O-O 20.Rxe7 Rd7 21.Re8+ Rxe8
22.Rxe8+ Rd8 23.Re3 Kb8 24.g4 Bxg4 25.Qxg4 Qxc2 26.Qf4+ Ka8 27.Qxf7 Qd1+
28.Kg2 Rxd5 29.Rg3 Qd4 30.Qf3 Re5 31.b3 Re1 32.Qd3 Qa1 33.a4 h5 34.Qc3 Rg1+
35.Kh3 Qf1+ 36.Kh4 Qxf2 37.Kh3 Qf1+ 38.Kh4 Qf2 39.Kh3 Rh1 40.Qc8+ Ka7 41.Rg2 Qf3+
42.Rg3 Qf2 43.Rg2 Qb6 44.Rg3 Qd6 45.Qc4 Rd1 46.Qf7 Rd2 47.Qxh5 Qe6+ 48.Qg4 Qh6+  0-1

[Event "3rd Isthmia Open"]
[Site "Vrachati GRE"]
[Date "2013.08.25"]
[Round "9.11"]
[White "Tzouganakis,P"]
[Black "Zygouris,H"]
[Result "0-1"]
[WhiteElo "2201"]
[BlackElo "2220"]

1.e4 c5 2.Nf3 Nc6 3.d4 cxd4 4.Nxd4 Qb6 5.Nb3 Nf6 6.Nc3 e6 7.Bd3 a6 8.Qe2 d6
9.g4 Qc7 10.g5 Nd7 11.a4 b6 12.f4 g6 13.Bd2 Bg7 14.Nd1 Nc5 15.Nxc5 bxc5 16.c3 O-O
17.Ne3 f5 18.gxf6 Rxf6 19.Ng4 Rf8 20.O-O Ne7 21.Qg2 c4 22.Be2 Rb8 23.Rab1 d5
24.Bf3 d4 25.cxd4 Bxd4+ 26.Kh1 Rxb2 27.Rxb2 Bxb2 28.Ba5 Qb8 29.Rb1 Qxf4 30.Rxb2 Qc1+
31.Qg1 Qxb2 32.Qe3 h5 33.Nf2 Qf6 34.Kg2 Nc6 35.Bc3 e5 36.Be2 Be6 37.Qg3 Nd4
38.Bd1 h4 39.Qe3 h3+ 40.Kg1 Qf4  0-1

[Event "TCh-SRB 1st League 2013"]
[Site "Kragujevac SRB"]
[Date "2013.08.26"]
[Round "3.2"]
[White "Perunovic,Mil"]
[Black "Pap,M"]
[Result "1-0"]
[WhiteElo "2618"]
[BlackElo "2488"]

1.e4 c5 2.Nf3 Nc6 3.d4 cxd4 4.Nxd4 Qb6 5.Nb3 Nf6 6.Nc3 e6 7.Bd3 a6 8.Be3 Qc7
9.f4 d6 10.Qf3 b5 11.O-O-O Bb7 12.g4 Nb4 13.Kb1 Be7 14.g5 Nd7 15.Qh3 Nxd3
16.cxd3 b4 17.Ne2 O-O 18.Rhg1 Rfc8 19.Nbd4 Nc5 20.f5 exf5 21.exf5 g6 22.Rg4 Re8
23.Nf4 Qd7 24.Rdg1 Bf8 25.Rh4 h5 26.Rxh5 Bg7 27.Rh7 Rxe3 28.Rxg7+ Kxg7 29.f6+ Kg8
30.Qh6 Ne6 31.Ndxe6 fxe6 32.Qxg6+ Kh8 33.f7 Be4 34.Qh6+  1-0

[Event "ch-ESP Rapid 2013"]
[Site "Linares ESP"]
[Date "2013.08.26"]
[Round "1.2"]
[White "Calzetta Ruiz,M"]
[Black "Salgado Lopez,I"]
[Result "0-1"]
[WhiteElo "2221"]
[BlackElo "2614"]

1.e4 c5 2.Nf3 Nc6 3.d4 cxd4 4.Nxd4 Qb6 5.Nb3 Nf6 6.Nc3 e6 7.g3 Be7 8.Bg2 O-O
9.O-O d6 10.Be3 Qc7 11.f4 a6 12.g4 Re8 13.g5 Nd7 14.h4 b5 15.h5 b4 16.Ne2 Bb7
17.f5 exf5 18.exf5 Nce5 19.g6 Bxg2 20.gxf7+ Kxf7 21.Kxg2 Qb7+ 22.Kh3 Nc4
23.Bd4 Bg5 24.Ng3 Nf6 25.Qf3 Qxf3 26.Rxf3 a5 27.Rd1 Rac8 28.Nc1 Ne5 29.Rf2 Bxc1
30.Rxc1 Nd3 31.cxd3 Rxc1 32.Bxf6 gxf6 33.Ne4 Rc6 34.Rg2 d5  0-1

[Event "TCh-SRB 1st League 2013"]
[Site "Kragujevac SRB"]
[Date "2013.08.27"]
[Round "4.6"]
[White "Solomunovic,I"]
[Black "Vuckovic,Bo"]
[Result "1-0"]
[WhiteElo "2433"]
[BlackElo "2572"]

1.e4 c5 2.Nf3 Nc6 3.d4 cxd4 4.Nxd4 Qb6 5.Nb3 Nf6 6.Nc3 e6 7.Bd3 d6 8.f4 a6
9.a4 Qc7 10.a5 Be7 11.Qf3 Nb4 12.Be3 e5 13.Ra4 Nxd3+ 14.cxd3 Be6 15.Nd2 exf4
16.Qxf4 Ng4 17.Bb6 Qd7 18.O-O Ne5 19.Qg3 Ng6 20.Nf3 O-O 21.Rd4 Rac8 22.h4 f5
23.h5 fxe4 24.Rxe4 Ne5 25.h6 Bf6 26.Nd4 Kh8 27.Nxe6 Qxe6 28.d4 d5 29.Re3  1-0

[Event "15th Sants Open 2013"]
[Site "Barcelona ESP"]
[Date "2013.08.28"]
[Round "6.7"]
[White "Wehmeier,S"]
[Black "Kulaots,K"]
[Result "1-0"]
[WhiteElo "2433"]
[BlackElo "2581"]

1.e4 c5 2.Nf3 Nc6 3.d4 cxd4 4.Nxd4 Qb6 5.Nb3 Nf6 6.Nc3 e6 7.Bd3 d6 8.O-O a6
9.a4 Qc7 10.a5 b5 11.axb6 Qxb6 12.Be3 Qc7 13.Qe2 Qb7 14.Ra4 Ne5 15.Na5 Qc7
16.Nc4 Nxd3 17.Qxd3 Nd7 18.Rd1 Nc5 19.Bxc5 Qxc5 20.b4 Qc6 21.b5 Qc5 22.Ra5 Be7
23.Nxd6+ Bxd6 24.Qxd6 Qxd6 25.Rxd6 Ke7 26.Rb6 Rd8 27.bxa6 Rd2 28.Ra2 Rd6
29.Rxd6 Kxd6 30.a7 Kc5 31.f3 Kb6 32.Na4+ Kb5 33.Nb2 Ba6 34.Nd3 Rxa7 35.Kf2 Rc7
36.Ke3 Bc8 37.Rb2+ Kc6 38.c4 Kd7 39.c5 Ba6 40.c6+ Ke7 41.Nb4 Bb5 42.Rc2 Ba4
43.Rc4 Rc8 44.e5 Kd8 45.Kd4 Ra8 46.Kc5 Kc7 47.Rf4 Ra5+ 48.Kc4 Bxc6 49.Rxf7+ Bd7
50.f4 g5 51.Nd3  1-0

[Event "11th Kesan Open"]
[Site "Edirne TUR"]
[Date "2013.08.28"]
[Round "3.20"]
[White "Demiroglu,Arsen"]
[Black "Kitir,Ahmet"]
[Result "0-1"]
[WhiteElo "1530"]
[BlackElo "1862"]

1.e4 c5 2.Nf3 Nc6 3.d4 cxd4 4.Nxd4 Qb6 5.Nxc6 dxc6 6.Nc3 e5 7.Bd3 Nf6 8.O-O Be7
9.b3 O-O 10.Bb2 Bg4 11.Qd2 Qc7 12.h3 Bc8 13.Ne2 Nh5 14.Rad1 f6 15.Qe3 Be6
16.Qf3 g6 17.Qe3 b6 18.Kh1 Bc5 19.Qh6 Rf7 20.g4 Nf4 21.Nxf4 exf4 22.f3 b5
23.e5 Bf8 24.Qxf4 Bg7 25.Qe3 fxe5 26.Rde1 Raf8 27.Bxe5 Bxe5 28.Qxe5 Qxe5
29.Rxe5 Bd5 30.Be4 Bxe4 31.Rxe4 Rxf3 32.Rxf3 Rxf3 33.Kg2 Rc3 34.Re2 g5 35.Rd2 a5
36.Kh2 Kf7 37.Re2 Kf6 38.Kg2 h6 39.Kh2 c5 40.Kg2 a4 41.Kh2 c4 42.Rd2 Ke6
43.Re2+ Kd5 44.Rf2 Kc5 45.Re2 Kb4 46.bxa4 Kxa4 47.Re6 Rxc2+ 48.Kg3 Rxa2 49.Rxh6 c3
50.h4 c2 51.Rc6 gxh4+ 52.Kxh4 Kb3 53.g5 Ra4+ 54.Kh5 Rc4  0-1

[Event "Petersburg Summer Rapid 2013"]
[Site "St Petersburg RUS"]
[Date "2013.08.31"]
[Round "1.8"]
[White "Kharchenko,Da"]
[Black "Alekseev,Evgeny"]
[Result "0-1"]
[WhiteElo "2023"]
[BlackElo "2710"]

1.e4 c5 2.Nf3 Nc6 3.d4 cxd4 4.Nxd4 Qb6 5.Nb3 Nf6 6.Nc3 e6 7.Be3 Qc7 8.a3 Be7
9.Be2 O-O 10.O-O Rd8 11.f4 d6 12.Bf3 a6 13.Qe2 b5 14.Qf2 Nd7 15.Rfd1 Rb8
16.Ne2 Nb6 17.Ned4 Nxd4 18.Bxd4 e5 19.Bc3 Re8 20.Kh1 Na4 21.Ba5 Qc6 22.c3 Be6
23.Nd2 Nxb2 24.Rdb1 Nd3 25.Qe3 Nxf4 26.g3 Nh3 27.Bg2 Bg5 28.Qe2 Qc5 29.Rf1 Qe3
30.Qxe3 Bxe3 31.Nf3 Nf2+ 32.Kg1 Nxe4+ 33.Kh1 Bc4 34.Rfb1 Rbc8 35.Nh4 Nf2+
36.Kg1 Nd3+ 37.Kh1 e4 38.Nf5 Bc5 39.Bb4 e3 40.Bf3 e2  0-1